000 01106nam a22003497a 4500
003 CHAP
005 20220817044300.0
008 090810s2007 it rn 00010 eng d
010 _a96546
011 _a97518
020 _a9789251057537
035 _a108186
040 _cCHAP
082 0 4 _a333
_bF42y v.9
110 2 _aFAO
245 1 0 _aGood governance in land tenure and administration
_c/by FAO
260 _aRome :
_bFAO,
_c2007
300 _a57 p.
490 0 _aFAO. Estudios sobre tenencia de la tierra
_v; 9
590 _aBATCH-UPD
_b10
_c20130110
_lUCH01
_h1638
590 _aBATCH-UPD
_b10
_c20130410
_lUCH01
_h1029
590 _aBATCH-UPD
_b10
_c20130914
_lUCH01
_h1419
590 _aCONVERSION
_b10
_c20130109
_lUCH01
_h1353
650 1 4 _aRecursos naturales
_xAdministración.
_995175
650 1 4 _aTierras
_xEconomía.
_9113108
650 1 4 _aTierras
_xImpuestos.
_9113114
830 0 0 _aFAO. Estudios sobre tenencia de la tierra
_v; 9
_939557
901 _aBK
911 _aen proceso
942 _cLIBRO
949 _a333 F42y v.9
_bBC
_cFAO
_d33724002074496
_eFAO1
_gDonaciØn
_h110785
_i108186
_sb
999 _c96546
_d96546